000 01222naa a22002657a 4500
001 BR8302154
003 BR-BrBNA
005 20250721143226.0
007 ta
008 250630b bl.|||m| |||| 00| 0 por d
040 _aBR-BrBNA
_bpor
_cBiblioteca Nacional de Agricultura
041 _a(Pt)
072 _aF27
_b/G514
090 _aF27 BR8302154
100 1 _aTaketa, G.K.
111 1 _aSimposio sobre Sistemas de Producao em Consorcio para Exploracao Permanente dos Solos da Amazonia
_cBelem, PA (Brazil)
_d19 Nov 1980
245 1 _aExperiencias praticas de consorcio com plantas perenes no municipio de Tome-Acu, Para [Brasil]
500 _aAnais do Simposio sobre Sistemas de Producao em Consorcio para Exploracao Permanente dos Solos da Amazonia Belem, PA (Brasil): 1982. p. 213-226 (BR8302154-AMS)
773 0 _tAnais do Simposio sobre Sistemas de Producao em Consorcio para Exploracao Permanente dos Solos da Amazonia
_wF27 BR8302154
_gBelem, PA (Brasil), 1982. p. 213-226
650 _aCONSORCIACAO DE CULTURA
650 _aPARA
490 _aDocumentos - Centro de Pesquisa Agropecuaria do Tropico Umido (Brazil)
_vno. 7
_xISSN 0101-2835
942 _cAMS
_2AGRIS
909 _a202506
_bLúcia
_c55
_dLúcia Elande
999 _c334507
_d334507